01168cam a22003014a 450000100090000000300050000900500170001400800410003101000170007202000250008902000220011404000180013605000220015408200200017610000320019624501460022824600180037426000400039230000240043249000450045650400640050165000380056585600810060390600450068494200120072999900150074195201100075614897104Nust20221013100912.0070620s2007 mau b 001 0 eng  a 2007276716 a9781598692884 (pbk.) a1598692887 (pbk.) aDLCcDLCdDLC00aPN1996b.D49 200700a808.066791bDIM1 aDiMaggio, Madeline.910008614ascreenwriting : insider tips and techniques to write for the silver screen! :bThe only writing series you'll ever need /cMadeline DiMaggio.3 aScreenwriting aAvon, Mass. :bAdams Media,cc2007. av, 217 p. ;c18 cm.0 aThe only writing series you'll ever need aIncludes bibliographical references (p. 203-205) and index. 0aMotion picture authorship.928596413Table of contents onlyuhttp://www.loc.gov/catdir/toc/fy0715/2007276716.html a7bcbccorignewd2encipf20gy-gencatlg 2ddccBK c4119d4119 00102ddc40708NFICaCLbCLcCARTd2016-12-28l0o808.066791 DIMpCL2275r2016-12-28t1w2016-12-28yBK